Control system design: an introduction to state-space methods
Saved in:
| Hovedforfatter: | |
|---|---|
| Format: | Bog |
| Sprog: | engelsk |
| Udgivet: |
Nueva York
McGraw-Hill
1986
|
| Serier: | McGraw-Hill Series in electrical Engineering
|
| Fag: | |
| Tags: |
Tilføj Tag
Ingen Tags, Vær først til at tagge denne postø!
|
MARC
| LEADER | 00000nam a2200000 a 4500 | ||
|---|---|---|---|
| 001 | UCU6781 | ||
| 003 | CL-VaPUC | ||
| 008 | 960621e19860000US |||||||||||||||||eng|d | ||
| 082 | 0 | 4 | |a 629.831 |b FRI |2 21 |
| 100 | 0 | |a Friedland, Bernard |e author |9 365165 | |
| 245 | 1 | 0 | |a Control system design: an introduction to state-space methods |
| 300 | |a 513 p | ||
| 942 | |c BK | ||
| 945 | |d 19960621 00:00:00 |a paguirre | ||
| 260 | |a Nueva York |b McGraw-Hill |c 1986 | ||
| 650 | 0 | |a Control automático |9 259890 | |
| 650 | 7 | |a CONTROL DE SISTEMAS |2 CL-VaPUC |9 352951 | |
| 650 | 0 | |a Modelos matemáticos |9 259437 | |
| 650 | 0 | |a Aerodinámica |9 301987 | |
| 650 | 0 | |a Ecuaciones diferenciales |9 260083 | |
| 650 | 0 | |a Transformaciones de Laplace |9 260072 | |
| 583 | |a last modification |c 19960621 00:00:00 |k Rodrigo Vera | ||
| 490 | 0 | |a McGraw-Hill Series in electrical Engineering | |
| 999 | |c 249596 |d 249594 | ||
| 952 | |0 0 |1 0 |4 0 |6 629_831000000000000_FRI_1986 |7 0 |8 A |9 266916 |a BIBING |b BIBING |d 2019-11-19 |i 169118K |o 629.831 FRI 1986 |p 169118K |r 2025-01-20 |w 2019-11-19 |y BK |k EIE | ||